R (on the application of Haysport Properties Ltd) v Rent Officer of the West Sussex Registration Area (Record no. 67217)

MARC details
000 -LEADER
fixed length control field 01536cam a2200205 4500
001 - CONTROL NUMBER
control field ABS64016
008 - FIXED-LENGTH DATA ELEMENTS--GENERAL INFORMATION
fixed length control field 000000n2001 000 0 eng u
035 ## - SYSTEM CONTROL NUMBER
System control number (Sirsi) u112918
245 ## - TITLE STATEMENT
Title R (on the application of Haysport Properties Ltd) v Rent Officer of the West Sussex Registration Area
260 ## - PUBLICATION, DISTRIBUTION, ETC.
Date of publication, distribution, etc. 2001
490 ## - SERIES STATEMENT
Series statement Estates Gazette
Volume/sequential designation [2001] 21 EG 168-173(6)
520 ## - SUMMARY, ETC.
Summary, etc. CA 30 January 2001. The appellant (H) was the owner of premises that were let to W under a regulated tenancy protected by the Rent Act 1977. The respondent (R) registered a fair rent of £3,224 pa, following an application from H. W objected and the rent assessment committee determined the rent at £1,820 pa, allowing H to reapply after completing certain repairs. H carried out the repairs and immediately reapplied for registration of fair rent at £90 per week. R refused on the grounds that the application was made less than two years after the previous registration and was not in accordance with the change of condition provisions in the Rent Act 1977 s67(3)(a). H appealed. The appeal was allowed because works carried out by a landlord to comply with its obligation to repair can amount to a change in condition of the dwelling under the Rent Act 1967 s67(3).
590 ## - LOCAL NOTE (RLIN)
Local note ABS
650 ## - SUBJECT ADDED ENTRY--TOPICAL TERM
Topical term or geographic name entry element FAIR RENTS
650 ## - SUBJECT ADDED ENTRY--TOPICAL TERM
Topical term or geographic name entry element RENT ACT 1977
650 ## - SUBJECT ADDED ENTRY--TOPICAL TERM
Topical term or geographic name entry element REPAIRS
650 ## - SUBJECT ADDED ENTRY--TOPICAL TERM
Topical term or geographic name entry element R V RENT OFFICER OF THE WEST SUSSEX REGISTRATION AREA EX P HAYSPORT PROPERTIES LTD
690 ## - LOCAL SUBJECT ADDED ENTRY--TOPICAL TERM (OCLC, RLIN)
Topical term or geographic name as entry element LANDLORD AND TENANT-RESIDENTIAL TENANCIES-CASE LAW
942 ## - ADDED ENTRY ELEMENTS (KOHA)
Suppress in OPAC 0
Holdings
Withdrawn status Lost status Source of classification or shelving scheme Damaged status Not for loan Home library Current library Shelving location Date acquired Total Checkouts Full call number Barcode Date last seen Copy number Price effective from Koha item type
    Dewey Decimal Classification     London London Journal article 01/06/2001   ABS64016 112918-1001 06/08/2019 1 06/08/2019 Law report